The future of South-South economic relations

Bibliographic Details
Corporate Author: ProQuest (Firm)
Other Authors: Najam, Adil., Thrasher, Rachel.
Format: Electronic eBook
Language:English
Published: London ; New York : Zed Books, c2012.
Subjects:
Online Access:Click to View
LEADER 01280nam a2200349Ia 4500
001 EBC1107609
003 MiAaPQ
005 20200520144314.0
006 m o d |
007 cr cn|||||||||
008 130120s2012 enka sb 001 0 eng d
020 |z 9781780323930 
020 |a 9781780323947 (electronic bk.) 
035 |a (MiAaPQ)EBC1107609 
035 |a (Au-PeEL)EBL1107609 
035 |a (CaPaEBR)ebr10633275 
035 |a (CaONFJC)MIL417303 
035 |a (OCoLC)826652883 
040 |a MiAaPQ  |c MiAaPQ  |d MiAaPQ 
050 4 |a HF1379  |b .F88 2012 
245 0 4 |a The future of South-South economic relations  |h [electronic resource] /  |c edited by Adil Najam and Rachel Thrasher. 
260 |a London ;  |a New York :  |b Zed Books,  |c c2012. 
300 |a x, 230 p. :  |b ill. 
504 |a Includes bibliographical references and index. 
533 |a Electronic reproduction. Ann Arbor, MI : ProQuest, 2015. Available via World Wide Web. Access may be limited to ProQuest affiliated libraries. 
650 0 |a International trade. 
650 0 |a Globalization. 
655 4 |a Electronic books. 
700 1 |a Najam, Adil. 
700 1 |a Thrasher, Rachel. 
710 2 |a ProQuest (Firm) 
856 4 0 |u https://ebookcentral.proquest.com/lib/matrademy/detail.action?docID=1107609  |z Click to View